=LDR 00000nam 2200000 4500 =001 INLIS000000000044256 =005 20240213115628 =035 ##$$a 0010-101300000002178 =008 240213################g##########0#ind## =041 ##$$a Ind =082 ##$$a 371. 27 =090 ##$$a 371.262, Ari d5 =245 1#$$a Dasar Dasar Evaluasi Pendidikan /$c Prof. Suharsimi Arikunto; Editor, Restu damayanti =850 ##$$a NBPNMAT =020 ##$$a 978-602-217-257-4 =084 ##$$a 371. 27 Suh d =100 #$$a Suharsimi Arikunto =250 ##$$a Ed. 2, Cet. 3 =260 ##$$a Jakarta :$b Bumi aksara,$c 2013 =300 ##$$a X, 344 hlm. : $b Ilus ; $c 15 x 22,5 cm =650 #4$$a Evaluasi belajar =504 ##$$a Bibliografi : hlm. 343 - 344 =990 ##$$a 20801086 =990 ##$$a 10606107 =990 ##$$a 00093700